Office market construction decisions : Myopia versus informed decision-making

Bibliographic Details
Main Author: Pollakowski, Henry O.
Other Authors: Wachter, Susan M.
Format: Book
Published: [Bloomington, IN] : Real Estate Research Institute , [n.d.]
Subjects:

MARC

LEADER 00000cam a2200000 7i4500
001 0000006854
005 20050415.0
040 |a INS 
090 0 0 |a HD7288.92   |b P7715. 
100 1 |a Pollakowski, Henry O. 
245 1 0 |a Office market construction decisions :   |b Myopia versus informed decision-making   |c Henry O. Pollakowski, Susan M. Wachter 
260 |a [Bloomington, IN] :   |b Real Estate Research Institute ,   |c [n.d.] 
300 |a 30 p. ;   |c 27 cm. 
650 0 0 |a Offices 
700 1 |a Wachter, Susan M. 
999 |a 0000007530   |b BOOK   |c Open Shelf   |e Default branch